000 00310 a2200145 4500
001 155077
040 _cEscola São Tomás de Aquino
100 _aNEWSOME, Julia
240 1 0 _aSaturday Storm
_lpor
245 1 0 _aSaturday Storm
300 _a63
362 0 _a1997
697 _aLíngua inglesa
942 _cBK
999 _c155077
_d155077